|
|
|
|
| LEADER |
01092nam a2200277 a 4500 |
| 001 |
GR-Patra19466 |
| 008 |
060522s1987 gr g 000 0 eng d |
| 020 |
|
|
|a 3598217692
|
| 040 |
|
|
|a GrPaTEI
|b gre
|c GR-PaULI
|
| 040 |
|
|
|a GrPaTEI
|b gre
|c GR-PaULI
|
| 082 |
|
0 |
|a 727.8
|2 20
|
| 110 |
2 |
|
|a IFLA
|
| 245 |
1 |
0 |
|a Adaptation of builidings to library use :
|b Proceedings of the seminar held in Budapest, June 3-7, 1985 ; Edited by Michael Dewe.
|
| 260 |
|
|
|a Münhen
|a London :
|b Saur,
|c c1987
|
| 300 |
|
|
|a 254 σ.:εικ., plans
|
| 490 |
1 |
|
|a IFLA publications
|
| 650 |
|
0 |
|a Libraries buildings
|x Planning and architecture conference proceedings
|
| 650 |
|
0 |
|a Library architecture
|
| 650 |
|
0 |
|a Library buildings
|
| 700 |
1 |
|
|a Dewe, Michael
|
| 710 |
0 |
|
|a Saur.
|b K.G.
|
| 830 |
|
0 |
|1 00115738
|1 2001
|a IFLA publications ;
|v 39
|
| 942 |
|
|
|2 ddc
|
| 952 |
|
|
|0 0
|1 0
|2 ddc
|4 0
|6 727_800000000000000_ADA
|7 0
|9 299801
|a LISK
|b LISK
|c BSC
|d 2021-01-17
|e 24
|f 0
|g 0.00
|l 0
|o 727.8 ADA
|p 92410027275
|r 2021-01-17 00:00:00
|t 1
|w 2021-01-17
|y BK15
|x 20060522 0 1
|x GrPaTEI
|
| 971 |
|
|
|a .b2666981x
|b 15-04-20
|c 23-09-16
|
| 999 |
|
|
|c 174315
|d 174315
|